01940nam a2200469zi 450000100060000000300080000600500170001400600190003100700150005000800410006502000180010602000280012403500220015204000310017405000220020508200190022710000310024624500960027725000230037326400930039630000750048933600310056433700330059533800430062850400470067158800830071859001620080165000240096365000370098765000440102465000380106865100360110665100420114265100370118465100410122165100410126265100420130365500270134579700180137285600630139099900170145321985FINmELB20241216213953.0m o u cr cn|||||||||220131s2016 mx b fob 000 0 spa d z9786074629149 a9786076281475q(e-book) a(OCoLC)1298602140 aFINmELBbspaerdacFINmELB 4aDS95.5bT395 201604a327.5691052231 aTawil Kuri, Marta,eautor.10aSiria :bpoder regional, legitimidad y política exterior, 1996-2015 /cMartha Tawil Kuri. aPrimera edición. 1aCiudad de México :bEl Colegio de México, Centro de Estudios Internacionales,c2016. a1 recurso en línea (378 páginas, 9 páginas sin numerar) :bmapas atextobtxt2rdacontent/spa acomputadorabc2rdamedia/spa arecurso en líneabcr2rdacarrier/spa aIncluye bibliografía: páginas 347-378. aDescripción basada en metadatos suministrados por el editor y otras fuentes. aRecurso electrónico. Santa Fe, Arg.: elibro, 2022. Disponible vía World Wide Web. El acceso puede estar limitado para las bibliotecas afiliadas a elibro. 0aGeopoliticszSyria. 4aGeopolíticazSiriaySiglo XXI. 4aViolencia políticazSiriaySiglo XXI. 4aPoder (Ciencias sociales)zSiria. 0aSyriaxForeign relationsy1971- 0aSyriaxPolitics and governmenty2000- 0aSyriaxHistoryyCivil War, 2011- 4aSiriaxRelaciones exterioresy1971-. 4aSiriaxPolítica y gobiernoy2000-. 4aSiriaxHistoriayGuerra civil, 2011-. 4aLibros electrónicos.2 aelibro, Corp.40uhttps://elibro.net/ereader/politecnicointernacional/194956 c21985d21985